Marine Biology/ (Record no. 757516)

MARC details
000 -LEADER
fixed length control field 00383nam a22001457a 4500
020 ## - INTERNATIONAL STANDARD BOOK NUMBER
ISBN 978-1-266-15081-4
082 ## - DEWEY DECIMAL CLASSIFICATION NUMBER
Classification number 578.77CAS/M
100 ## - MAIN ENTRY--AUTHOR NAME
Personal name Castro, Peter and Huber, Michael
245 ## - TITLE STATEMENT
Title Marine Biology/
Statement of responsibility, etc by Peter Castro and Michael Huber
250 ## - EDITION STATEMENT
Edition statement 12
260 ## - PUBLICATION, DISTRIBUTION, ETC. (IMPRINT)
Place of publication .-NewYork
Name of publisher :McGraw Hill
Year of publication ,2024
300 ## - PHYSICAL DESCRIPTION
Number of Pages 479p.
942 ## - ADDED ENTRY ELEMENTS (KOHA)
Source of classification or shelving scheme Dewey Decimal Classification
Koha item type Book
Holdings
Withdrawn status Lost status Source of classification or shelving scheme Damaged status Not for loan Home Library Current Location Shelving location Date acquired Source of acquisition Full call number Accession Number Price effective from Koha item type
    Dewey Decimal Classification     Dept. of Aquatic Biology and Fisheries Dept. of Aquatic Biology and Fisheries General Stacks 06/03/2026 SBST/116 578.77CAS/M AQU6638 11/03/2026 Book